000
00308nam a22001337a 4500
020
_q
PB.
040
_c
FIZZA ISHAQ
082
_a
624.171
_b
RCH
100
_a
HIBBELER, R.C.
_9
86461
245
_a
STRUCTURAL ANALYSIS /
_c
R.C HIBBELER.
260
_a
MALAYSIA :
_c
1988.
300
_a
735 P. ;
942
_2
ddc
_c
BK
999
_c
587337
_d
587337